Trends und Besonderheiten links motivierter Gewaltdelikte

Guardado en:  
Detalles Bibliográficos
Autor principal: Mletzko, Matthias (Autor)
Tipo de documento: Print Artículo
Lenguaje:Alemán
Publicado: 2017
En: Kriminalistik
Año: 2017, Volumen: 71, Número: 8/9, Páginas: 511-516
Verificar disponibilidad: HBZ Gateway
Palabras clave:

MARC

LEADER 00000caa a2200000 c 4500
001 1639371885
003 DE-627
005 20241201173701.0
007 tu
008 170927s2017 xx ||||| 00| ||ger c
035 |a (DE-627)1639371885 
035 |a (DE-576)493871985 
035 |a (DE-599)BSZ493871985 
040 |a DE-627  |b ger  |c DE-627  |e rda 
041 |a ger 
100 1 |a Mletzko, Matthias  |e VerfasserIn  |4 aut 
245 1 0 |a Trends und Besonderheiten links motivierter Gewaltdelikte  |c von Matthias Mletzko 
264 1 |c 2017 
336 |a Text  |b txt  |2 rdacontent 
337 |a ohne Hilfsmittel zu benutzen  |b n  |2 rdamedia 
338 |a Band  |b nc  |2 rdacarrier 
773 0 8 |i Enthalten in  |t Kriminalistik  |d Heidelberg : C.F. Müller GmbH, Kriminalistik, 1949  |g 71(2017), 8/9, Seite 511-516  |w (DE-627)129489522  |w (DE-600)205902-2  |w (DE-576)014883163  |x 0023-4699  |7 nnas 
773 1 8 |g volume:71  |g year:2017  |g number:8/9  |g pages:511-516 
889 |w (DE-627)1002549183 
935 |i mdedup 
951 |a AR 
ELC |b 1 
LOK |0 000 xxxxxcx a22 zn 4500 
LOK |0 001 3576103902 
LOK |0 003 DE-627 
LOK |0 004 1639371885 
LOK |0 005 20250926155739 
LOK |0 008 200117||||||||||||||||ger||||||| 
LOK |0 040   |a DE-21-110  |c DE-627  |d DE-21-110 
LOK |0 689   |a s  |a Linksextremismus 
LOK |0 689   |a s  |a Gewalt 
LOK |0 689   |a s  |a Sachbeschädigung 
LOK |0 689   |a s  |a Brandstiftung 
LOK |0 689   |a s  |a Tötungsdelikt 
LOK |0 689   |a s  |a Kriminalstatistik 
LOK |0 689   |a s  |a Linksmotivierte Gewaltdelikte 
LOK |0 689   |a s  |a Besonderheiten 
LOK |0 852   |a DE-21-110 
LOK |0 852 1  |m p  |9 00 
LOK |0 935   |a krub 
LOK |0 938   |k p 
LOK |0 939   |a 17-01-20  |b l01 
ORI |a SA-MARC-krimdoka001.raw